Autour de la natation artistique aux JO - Statistiques

Statistiques générales
  • Ce quiz a été pris 26 fois
    18 depuis la dernière actualisation
  • Le résultat moyen est 12 sur 17
Statistiques - réponses
Hint Réponse % Correct
Citez un pays ayant remporté au moins 2 médailles de bronze Chine | Ukraine | Etats-Unis |Espagne
94%
Citez un pays ayant remporté au moins 5 médailles d'or Russie | Etats-Unis
94%
Citez un pays ayant remporté au moins 3 médailles d'argent Canada | Japon | Espagne | Etats-Unis
88%
De quelle nationalités sont ces multimédaillés ? Natalia Ishchenko (5) Russe
82%
De quelle nationalités sont ces multimédaillés ? Svetlana Romashina (5) Russe
82%
Généralités La natation synchronisée est apparue aux JO en 1984
76%
Les trois pays ayant envoyé le plus de nageuses sont 2e - 66 nageuses Chine
76%
Citez un pays ayant remporté au moins 5 médailles d'argent Chine
76%
Les trois pays ayant envoyé le plus de nageuses sont 1er - 71 nageuses Japon
76%
Citez un pays ayant remporté au moins 5 médailles de bronze Japon
76%
Généralités La discipline s'ouvre aux hommes en 2024
71%
Les médaillées françaises En 2000 Virginie {Dedieu}
71%
Généralités Le ballet est devenu une épreuve en 1996
65%
Les trois pays ayant envoyé le plus de nageuses sont 3e - 63 nageuses Canada
65%
Citez un pays ayant remporté au moins 3 médailles d'or Canada
65%
De quelle nationalités sont ces multimédaillés ? Carolyn Waldo (3) Canadienne
29%
Les médaillées françaises En 2000 Myriam {Lignot}
18%
Aucun quiz correspondant
Distribution des résultats
% des personnes avec chaque résultat
Percentile par nombre de réponses
Votre historique - résultats
Vous n’avez pas pris ce quiz depuis la dernière actualisation